000 nam a22 i 4500
999 _c24156
_d24156
003 WA 310
005 20211201093806.0
007 cr cn nnnanaaa
008 180618s2014 pl a fou |000 0 eng d
020 _a9788327529923
040 _aWA 310/bw
_bpol
_erda
_cWA 310/bw
041 0 _aeng
245 0 0 _aSystemy dozorowe CCTV stosowane w zabezpieczeniach - Część 2-1: Protokoły transmisji wizji - Wymagania ogólne =
_bVideo surveillance systems for use in security applications - Part 2-1: Video transmission protocols - General requirements PN-EN 62676-2-1:2014-06E /
_cPolski Komitet Normalizacyjny.
246 1 3 _aPN-EN 62676-2-1
246 1 3 _aICS 13.310
246 3 1 _aVideo surveillance systems for use in security applications - Part 2-1: Video transmission protocols - General requirements
260 _aWarszawa :
_bPolski Komitet Normalizacyjny,
_ccopyright 2014.
300 _a46 stron :
_bilustracje (w tym kolorowe) ;
_c30 cm.
336 _aTekst
_btxt
_2rdacontent
337 _aKomputer
_bc
_2rdamedia
338 _aDokument online
_bcr
_2rdacarrier
500 _aTytuł z ekranu tytułowego.
500 _aWprowadza EN 62676-2-1:2014, IDT ; IEC 62676-2-1:2013, IDT ; Zatwierdzona 5 czerwca 2014 r.
500 _aNorma Europejska EN 62676-2-1:2014 [...] ma status Polskiej Normy.
504 _aBibliografia na stronach 34-37.
530 _aDostępne wyłącznie w formie elektronicznej.
538 _aTryb dostępu: online.
546 _aTekst w języku angielskim, strona tytułowa w języku polskim.
710 1 _aPolska.
_bPolski Komitet Normalizacyjny.
_eInstytucja sprawcza
_eWydawca
_4pbl
_91107
920 _a978-83-275-2992-3
942 _2ddc
_cBK